| 000 | 00739nam a22002057a 4500 | ||
|---|---|---|---|
| 999 |
_c19491 _d19491 |
||
| 003 | AR-CdUCM | ||
| 008 | 190517b ||||| |||| 00| 0 spa d | ||
| 040 |
_aMUNICIPALIDAD PROVINCIAL DEL CUSCO _cBIBLIOTECA MUNICIPAL DEL CUSCO |
||
| 082 |
_a334.06 / _bD54 |
||
| 100 |
_aDíaz Boza, Javier _940852 |
||
| 245 | _aOrganización y administración de cooperativas / | ||
| 260 |
_aLima : _bEmpresa Periodística Nacional, _c1966. |
||
| 300 |
_a432 paginas ; _c23 cm. |
||
| 505 | _aContenido :Generalidades --Organización de una cooperativa --Administración de una cooperativa ... | ||
| 650 |
_aCooperativas _94787 |
||
| 650 |
_aOrganización _94866 |
||
| 650 |
_aAdministración _94472 |
||
| 942 |
_2ddc _cLIBROS |
||
| 945 |
_arjall _d2019-05-17 |
||